Les 20 plus grands pays d'Europe - Statistiques

Statistiques générales
  • Ce quiz a été pris 177 fois
  • Le résultat moyen est 17 sur 20
Réponses sur la Carte
Les réponses sont colorées sur une échelle allant du rouge au vert en fonction du pourcentage des utilisateurs qui les ont devinées à leur premier essai. Vous pouvez retrouver ces pourcentages ci-dessous.
 
Statistiques - réponses
Réponse % Correct
Allemagne
94%
France
93%
Portugal
92%
Espagne
91%
Italie
91%
Royaume uni
90%
Russie
90%
Grèce
88%
Islande
88%
Suisse
88%
Pologne
87%
Bielorussie
86%
Turquie
86%
Ukraine
84%
Finlande
83%
Autriche
82%
Roumanie
82%
Hongrie
80%
Norvège
80%
Suède
73%
Aucun quiz correspondant
Distribution des résultats
% des personnes avec chaque résultat
Percentile par nombre de réponses
Votre historique - résultats
Vous n’avez pas pris ce quiz